| 000 | 00604nam a2200169 a 4500 | ||
|---|---|---|---|
| 001 | 1375 | ||
| 003 | CDMR | ||
| 005 | 20151102140003.0 | ||
| 008 | 130130s2009||||||||||||||||||||||||||||d | ||
| 040 |
_aCDMR _bcat _cCPC LLEIDA |
||
| 110 | 2 |
_952 _aCol·legi de Periodistes de Catalunya _b -- Demarcació de Lleida |
|
| 245 | 1 | 0 |
_aGuia de la comunicació, Lleida 2009 _cCPC Lleida |
| 260 |
_aLleida _c2009 _bCol·legi de Periodistes de Catalunya. Demarcació de Lleida |
||
| 650 | 0 | 4 |
_93923 _aMitjans de comunicació de massa _vDirectoris |
| 650 | 0 | 4 |
_93924 _aEmpreses _zLleida (Província) _vDirectoris |
| 942 |
_cMON _2udc |
||
| 999 |
_c1375 _d1375 |
||